Notas y supuestos prc̀ticos de derecho civil obligaciones y contratos /

Bibliographic Details
Main Author: Noriega Rodrg̕uez, Lydia
Format: eBook
Language:Spanish
Published: Barcelona: J.M. Bosch Editor, 2020
Subjects:
Online Access:Acceso restringido

MARC

LEADER 00000nam a22000007a 4500
005 20220506230420.0
007 cr|||| ||||
008 220506s2020 es |||||s|||| 00||0 spa d
020 |a 978-84-122700-9-9 
035 |a 35602 
040 |a vLex 
090 |c 13293  |d 13293 
100 1 |a Noriega Rodrg̕uez, Lydia 
245 1 0 |a Notas y supuestos prc̀ticos de derecho civil  |h [Recurso electrn̤ico] :  |b obligaciones y contratos /  |c Lydia Noriega Rodrg̕uez 
256 |a Servicio en ln̕ea 
260 |a Barcelona:  |b J.M. Bosch Editor,  |c 2020 
300 |a 1 recurso electrn̤ico 
500 |a La adaptacin̤ de los planes de estudio al Espacio Europeo de Educacin̤ Superior (EEES) supuso la reforma de la metodologa̕ docente en la enseąnza universitaria, introduciendo nuevos mťodos de enseąnza, como la evaluacin̤ continua que se realiza a los estudiantes mediante las nuevas tecnologa̕s TIC y las tutora̕s personales. Asimismo, se incide en la enseąnza prc̀tica del alumno, a travš de ejercicios, trabajos en grupo, prc̀ticas profesionales, etc… La finalidad de este cuaderno es, precisamente, la recopilacin̤ de los distintos ejercicios prc̀ticos realizados desde la implantacin̤ del Plan Bolonia (2010), en la asignatura de Derecho Civil: Obligaciones y Contratos del Grado en Derecho. La obra se estructura en veintisiete temas dedicados a las distintas figuras e instituciones reguladas en esta materia; en cada uno de ellas, se realiza una breve exposicin̤ ter̤ica y se plantean distintos supuestos para que el estudiante aplique los conocimientos ter̤icos a la prc̀tica. 
506 1 |a Disponible solo en los productos indicados  |d vLex Global  |d vLex Global (Academic Edition, excluding Law Schools)  |d vLex Global (U.S. Academic Edition, Law Schools)  |d vLex Global (U.S. Academic Edition, excluding Law Schools)  |d vLex Global (Academic Edition, Law Schools) 
650 0 4 |a Derecho Civil  |z Espaą 
740 0 |a vLex Libros (Servicio en ln̕ea) 
856 4 0 |u https://app.vlex.com/#/sources/35602  |z Acceso restringido 
942 |c BOOK 
999 0 |a Civil Law